Guess the Green Day Song #4: Hard - Statistics

General Stats
  • This quiz has been taken 119 times
  • The average score is 106 of 245
Answer Stats
Answer % Correct
a
95%
A
95%
I
89%
I'll
89%
I'm
89%
the
77%
you
76%
an
68%
do
67%
on
62%
me
59%
When
59%
so
58%
to
56%
she
55%
she's
55%
and
52%
And
52%
it
52%
its
52%
it's
52%
no
52%
No
52%
of
52%
go
48%
goin'
48%
In
47%
in
47%
is
45%
my
45%
My
45%
all
42%
can't
42%
you're
42%
don't
41%
fuckin'
41%
time
41%
Where
41%
but
39%
But
39%
for
39%
like
38%
one
38%
one's
38%
shit
38%
this
38%
as
36%
off
36%
two
36%
with
36%
by
35%
just
35%
or
35%
what
35%
bit
33%
will
33%
from
32%
get
32%
myself
32%
sit
32%
Take
32%
was
32%
around
30%
damn
30%
hour
30%
sick
30%
watch
30%
away
29%
old
29%
say
29%
says
29%
bored
27%
change
27%
channels
27%
door
27%
doors
27%
eyes
27%
feelin'
27%
fun
27%
got
27%
house
27%
lonely
27%
movin'
27%
nothing's
27%
paradise
27%
same
27%
smell
27%
tube
27%
close
26%
dog
26%
hell
26%
lazy
26%
lip
26%
lost
26%
street
26%
summer
26%
thumbs
26%
Bite
24%
blind
24%
Call
24%
call
24%
callin'
24%
mother
24%
motivation
24%
pathetic
24%
Smoking
24%
sure
24%
Twiddle
24%
unlocked
24%
velcro
24%
heat
23%
job
23%
key
23%
locked
23%
Peel
23%
phone
23%
seat
23%
some
23%
cell
21%
inspiration
21%
own
21%
Barred
20%
indoors
20%
has
18%
loneliness
17%
slippin'
17%
myth
15%
quit
15%
suffice
15%
masturbaition's
12%
Song: Longview
12%
No matching quizzes found
Score Distribution
Percent of People with Each Score
Percentile by Number Answered
Your Score History
You have not taken this quiz